000 00396nam a2200157Ia 4500
008 221030s9999 xx 000 0 und d
020 _a125902914X
041 _aEnglish
100 _aK. Hwang
245 0 _aComputer Archintecture & Parallel Processing
_cby K. Hwang, F. A. Briggs
260 _bTMH
_aNew Delhi
_c2015
300 _a846
650 _aIT
700 _aF. A. Briggs
942 _cBK
999 _c17130
_d17130